[Event "Bundesliga"]
[Site "masterchessopen.com Austria"]
[Date "2007.03.08"]
[Round "8"]
[White "Schweda Roland (AUT)"]
[Black "Diermair Andreas (AUT)"]
[Result "0-1"]
[WhiteElo "2418"]
[BlackElo "2363"]

1.d4 Nf6 2.c4 e6 3.Nc3 Bb4 4.e3 O-O 5.Ne2 d5 6.a3 Bd6 7.cxd5 exd5 8.Ng3 Re8
9.b4 b6 10.Bd3 c5 11.bxc5 bxc5 12.dxc5 Be5 13.Nge2 Nc6 14.Bb5 Bd7 15.Rb1 d4
16.exd4 Nxd4 17.Bxd7 Qxd7 18.O-O Rad8 19.Be3 Nf3+ 20.Kh1 Qe7 21.Qa4 Nxh2
22.Rfd1 Nhg4 23.Rxd8 Rxd8 24.Rd1 Re8 25.c6 Bxc3 26.Nxc3 Qe5 27.Qf4 Qxf4 {#R}
0-1

[Event "Ch France (team) (nat.2) 2006/07"]
[Site "masterchessopen.com France"]
[Date "2007.03.18"]
[Round "9"]
[White "Abello Sebastien (FRA)"]
[Black "Sasu-Ducsoara Andreea-Teodora (ROM)"]
[Result "1-0"]
[WhiteElo "2273"]
[BlackElo "2226"]

1.d4 Nf6 2.c4 e6 3.Nc3 Bb4 4.e3 O-O 5.Ne2 d5 6.a3 Be7 7.cxd5 exd5 8.g3 c6
9.Bg2 Bf5 10.O-O Qc8 11.f3 Bh3 12.e4 dxe4 13.fxe4 Bxg2 14.Kxg2 Na6 15.e5 Nd7
16.Nf4 c5 17.Ncd5 Qc6 18.Qf3 Bd8 19.Be3 cxd4 20.Bxd4 Qc2+ 21.Rf2 Qa4 22.b4 Rc8
23.Raf1 Rc4 24.Ne6 Rxd4 25.Nxd4 Nxe5 26.Qe4 Re8 27.Nc3 Qxa3 28.Rxf7 Qxb4
29.Qd5 Qc4 30.Rf8# 1-0

[Event "Ch France (team) (nat.2) 2006/07"]
[Site "masterchessopen.com France"]
[Date "2007.03.18"]
[Round "9"]
[White "Haik Aldo (FRA)"]
[Black "Lefebvre Herve (FRA)"]
[Result "1-0"]
[WhiteElo "2381"]
[BlackElo "2249"]

1.d4 Nf6 2.c4 e6 3.Nc3 Bb4 4.e3 O-O 5.Ne2 d5 6.a3 Bd6 7.Bd2 dxc4 8.Ng3 e5 9.d5
c6 10.Bxc4 cxd5 11.Nxd5 Nxd5 12.Bxd5 Nc6 13.O-O Kh8 14.Bc3 f5 15.Bxc6 bxc6
16.f4 Qe7 17.Qa4 Rb8 18.Rad1 Be6 19.Rxd6 Qxd6 20.Bxe5 Qd2 21.Qxa7 {#r} 1-0

[Event "Tournament (Elo) (a)"]
[Site "masterchessopen.com Habana (Cuba)"]
[Date "2007.04.04"]
[Round "1"]
[White "Gonzalez Yuri (CUB)"]
[Black "Alvarez Aramis"]
[Result "1-0"]
[WhiteElo "2492"]
[BlackElo "2449"]

1.d4 Nf6 2.c4 e6 3.Nc3 Bb4 4.e3 O-O 5.Ne2 d5 6.a3 Be7 7.cxd5 exd5 8.g3 c6
9.Bg2 Bf5 10.f3 Re8 11.O-O c5 12.g4 Be6 13.g5 Nfd7 14.f4 cxd4 15.Nxd4 Nb6
16.f5 Bc8 17.g6 Nc6 18.gxf7+ Kxf7 19.Nxd5 Nxd5 20.Qh5+ Kf6 21.Ne6 Bxe6
22.fxe6+ Kxe6 23.Rd1 Bd6 24.Qxd5+ Ke7 25.Bh3 Be5 26.Qc5+ Bd6 27.Qd5 Be5
28.Qe6+ Kf8 29.Rxd8 Raxd8 30.Qf5+ Bf6 31.Qc2 Ne5 32.Bg2 Rc8 33.Qxh7 Rcd8
34.Qc2 Rc8 35.Qb3 Red8 {#r} 1-0

[Event "Ch Netherlands (team) 2006/07"]
[Site "masterchessopen.com Netherlands"]
[Date "2007.04.21"]
[Round "8"]
[White "Winants Luc (BEL)"]
[Black "Van Wely Loek (NED)"]
[Result "0-1"]
[WhiteElo "2504"]
[BlackElo "2680"]

1.d4 Nf6 2.c4 e6 3.Nc3 Bb4 4.e3 O-O 5.Ne2 d5 6.cxd5 exd5 7.g3 Re8 8.Bg2 a5
9.O-O b6 10.Qc2 Bb7 11.Bd2 Nbd7 12.Rad1 Nf8 13.f3 Ne6 14.Bc1 Rc8 15.Kh1 c5
16.a3 cxd4 17.axb4 dxc3 18.bxa5 Ba6 19.axb6 Bxe2 20.Qxe2 c2 21.Rd2 Qxb6 22.Qd3
Nc5 23.Qd4 Qb7 24.Bh3 Nb3 25.Bxc8 Rxc8 26.Qe5 Qb5 27.Re1 Nxd2 28.Bxd2 Nd7
29.Qf5 g6 30.Qh3 f5 31.Qh4 Qd3 32.Qb4 Ne5 33.Qb7 Re8 34.Bc3 Qd1 35.Qb5 Kf7
36.Qf1 Nd3 {#R} 0-1

[Event "Tournament (a)"]
[Site "masterchessopen.com Natal (Brazil)"]
[Date "2007.04.30"]
[Round "6"]
[White "Oliveira Jr Antonio Fernandes (BRA)"]
[Black "Tine Vinicius (BRA)"]
[Result "0-1"]
[WhiteElo "1915"]
[BlackElo "2196"]

1.d4 Nf6 2.c4 e6 3.Nc3 Bb4 4.e3 O-O 5.Ne2 d5 6.a3 Be7 7.g3 dxc4 8.Bg2 c6 9.Qc2
Nbd7 10.Ne4 e5 11.Nxf6+ Bxf6 12.Qxc4 exd4 13.Nxd4 Ne5 14.Qc2 c5 15.Nf3 Nd3+
16.Ke2 Bf5 17.Qc4 b5 18.Qb3 c4 19.Qd1 Nxb2 20.Qxd8 Raxd8 21.Nd4 Bxd4 22.exd4
Rfe8+ 23.Kd2 Rxd4+ 24.Kc3 Rd3+ 25.Kb4 Rb3+ 26.Ka5 Bc8 27.Bc6 Re6 28.Bxb5 a6
29.Rd1 {#R} 0-1

[Event "Tournament (Elo) (b)"]
[Site "masterchessopen.com Voronezh (Russia)"]
[Date "2007.05.14"]
[Round "8"]
[White "Simakov Vladislav (RUS)"]
[Black "Kornilov Peter (RUS)"]
[Result "1-0"]
[WhiteElo "2197"]
[BlackElo "2152"]

1.d4 Nf6 2.c4 e6 3.Nc3 Bb4 4.e3 O-O 5.Ne2 d5 6.a3 Be7 7.cxd5 exd5 8.g3 c6
9.Bg2 a5 10.O-O Re8 11.Nf4 Bd6 12.Nd3 b6 13.f3 Ba6 14.e4 c5 15.Bg5 Be7 16.e5
Nfd7 17.Bxe7 Rxe7 18.Nxd5 {#r} 1-0

[Event "Ch India (b)"]
[Site "masterchessopen.com Dindigul (India)"]
[Date "2007.06.12"]
[Round "3"]
[White "Vikas Sharma Punjab"]
[Black "Venkatesh M R (IND)"]
[Result "0-1"]
[WhiteElo "2239"]
[BlackElo "2451"]

1.d4 Nf6 2.c4 e6 3.Nc3 Bb4 4.e3 O-O 5.Ne2 d5 6.a3 Be7 7.Nf4 c6 8.Bd3 Nbd7
9.O-O dxc4 10.Bxc4 e5 11.dxe5 Nxe5 12.Qxd8 Rxd8 13.Bb3 b6 14.h4 h6 15.f3 Ba6
16.Rd1 Bc5 17.Bc2 Rxd1+ 18.Nxd1 Rd8 19.b4 Bd6 20.e4 Nc4 21.Bb3 Bb5 22.g3 Be5
23.Ra2 a5 24.Ne3 Nxe3 25.Bxe3 a4 26.Bc2 {#R} 0-1

[Event "Ch Spain (team) (Honor gr.1)"]
[Site "masterchessopen.com Lugo (Spain)"]
[Date "2007.06.22"]
[Round "3"]
[White "Ibanez Aullana Jose Ramon (ESP)"]
[Black "Vehi Bach Victor M (ESP)"]
[Result "1-0"]
[WhiteElo "2310"]
[BlackElo "2369"]

1.d4 Nf6 2.c4 e6 3.Nc3 Bb4 4.e3 O-O 5.Ne2 d5 6.a3 Be7 7.cxd5 exd5 8.g3 a5
9.Bg2 Na6 10.h3 Re8 11.g4 c6 12.Qc2 h6 13.Ng3 Bf8 14.O-O g6 15.Bd2 Nc7 16.f4
Bg7 17.Nce2 Nb5 18.Nc1 Nd6 19.Nd3 Nfe4 20.Nxe4 Nxe4 21.Ne5 Nxd2 22.Qxd2 Qe7
23.Rae1 Kh7 24.e4 f6 25.Nxg6 Kxg6 26.exd5 Qd7 27.dxc6 bxc6 28.Rxe8 Qxe8 29.Re1
Qd8 30.Qc2+ Kf7 31.Qc4+ Kf8 32.Bxc6 Ba6 33.Qc5+ Kg8 34.Qd5+ {#r} 1-0

[Event "Ch Asia (juniors) (under 16)"]
[Site "masterchessopen.com Tashkent (Uzbekistan)"]
[Date "2007.06.29"]
[Round "2"]
[White "Swayams Mishra (IND)"]
[Black "Sethuraman S P (IND)"]
[Result "0-1"]
[WhiteElo "2187"]
[BlackElo "2427"]

1.d4 Nf6 2.c4 e6 3.Nc3 Bb4 4.e3 O-O 5.Ne2 d5 6.a3 Be7 7.cxd5 Nxd5 8.Nxd5 exd5
9.Ng3 Nd7 10.Bd3 Re8 11.O-O Nf6 12.b4 g6 13.Bb2 Bd6 14.Rc1 h5 15.Qc2 Kg7
16.Ne2 c6 17.h3 Bb8 18.Rfe1 Bd7 19.a4 Qc8 20.h4 Bh3 21.Nf4 Bxf4 22.exf4 Bxg2
23.Rxe8 Qh3 24.f3 Bxf3 25.Re3 Ng4 26.Rxf3 Qxf3 27.Bf1 Qxf4 28.Qg2 Re8 29.Rc3
Re1 30.Rf3 Qe4 31.Bc3 Rc1 32.Bd2 Rd1 33.Rd3 Qxd3 {#R} 0-1

[Event "It (open)"]
[Site "masterchessopen.com Capetown (South Africa)"]
[Date "2007.07.01"]
[Round "5"]
[White "Kobese Watu (RSA)"]
[Black "Van Den Heever Donovan (RSA)"]
[Result "0-1"]
[WhiteElo "2389"]
[BlackElo "2202"]

1.d4 Nf6 2.c4 e6 3.Nc3 Bb4 4.e3 O-O 5.Ne2 Re8 6.a3 Bf8 7.e4 e5 8.d5 a5 9.Ng3
h6 10.Be3 Na6 11.Be2 Bc5 12.Qd2 Bxe3 13.Qxe3 d6 14.f3 Nc5 15.O-O a4 16.Rae1
Bd7 17.Bd1 c6 18.Rf2 cxd5 19.exd5 Qc7 20.Bc2 Nb3 21.Qd3 Nd4 22.Bb1 Rac8 23.Ba2
Qa5 24.Rd1 Qb6 25.Nce4 Nh7 26.f4 Nf5 27.Nh5 exf4 28.Nxf4 Ng5 29.c5 dxc5
30.Nxg5 c4 31.Bxc4 hxg5 32.Nh3 Ne3 33.Nxg5 Nxd1 34.Qh7+ Kf8 35.Ne6+ Rxe6
36.Qxg7+ Kxg7 {#R} 0-1

[Event "Ch Belgium"]
[Site "masterchessopen.com Namur (Belgium)"]
[Date "2007.07.03"]
[Round "4"]
[White "Hovhanisian Mher (ARM)"]
[Black "Van Mechelen Jan (BEL)"]
[Result "1-0"]
[WhiteElo "2442"]
[BlackElo "2320"]

1.d4 Nf6 2.c4 e6 3.Nc3 Bb4 4.e3 O-O 5.Ne2 d5 6.a3 Be7 7.cxd5 exd5 8.b4 a6
9.Ng3 Be6 10.Bd3 b6 11.O-O c5 12.bxc5 bxc5 13.dxc5 Bxc5 14.Bb2 Nbd7 15.Na4 Bd6
16.Bd4 Qe7 17.Nf5 Bxf5 18.Bxf5 Bxa3 19.Bxd7 Nxd7 20.Rxa3 Qxa3 21.Qg4 f6
22.Qxd7 Rfd8 23.Qe6+ Kh8 24.Nb6 Rd6 25.Qe7 Rad8 26.Nd7 {#r} 1-0

[Event "Memorial Jesus Rodriguez"]
[Site "masterchessopen.com Habana (Cuba)"]
[Date "2007.07.04"]
[Round "9"]
[White "Agra Caballero Ariel (CUB)"]
[Black "Alarcon Rolando (CUB)"]
[Result "1-0"]
[WhiteElo "2227"]
[BlackElo "2315"]

1.d4 e6 2.c4 Nf6 3.Nc3 Bb4 4.e3 O-O 5.Ne2 c5 6.a3 Bxc3+ 7.Nxc3 b6 8.d5 exd5
9.cxd5 Ba6 10.Bxa6 Nxa6 11.O-O d6 12.e4 Re8 13.Bg5 h6 14.Bh4 g5 15.Bg3 Nxe4
16.Nxe4 Rxe4 17.Qd3 Ra4 18.f4 Qf6 19.Qb5 Qd4+ 20.Kh1 Rd8 21.fxg5 Ra5 22.Qc6 c4
23.Rae1 Rc5 24.Qb7 Qxd5 25.Qe7 Rcc8 26.gxh6 Qh5 27.Re4 Re8 28.Qd7 Rxe4
29.Qxc8+ Kh7 30.Qd7 Rd4 31.Qc8 Nc5 32.Qf8 f6 {#r} 1-0

[Event "It (open)"]
[Site "masterchessopen.com La Fere (France)"]
[Date "2007.07.09"]
[Round "4"]
[White "Delmont Jean-Robert (FRA)"]
[Black "Houriez Clement (FRA)"]
[Result "0-1"]
[WhiteElo "2007"]
[BlackElo "2252"]

1.d4 Nf6 2.c4 e6 3.Nc3 Bb4 4.e3 O-O 5.Ne2 d5 6.a3 Bd6 7.Ng3 c5 8.dxc5 Bxc5
9.b4 Bb6 10.Bb2 Nc6 11.c5 Bc7 12.Nb5 Bb8 13.Nd4 e5 14.Nxc6 bxc6 15.Be2 Bc7
16.a4 Rb8 17.Qd2 Rxb4 18.Bc3 Rb8 19.O-O Be6 20.Rab1 Qe7 21.Ba5 Rfd8 22.Ba6 h6
23.Rb7 Rxb7 24.Bxb7 Qd7 25.Ba6 Rb8 26.Bc3 Qd8 27.Rc1 Rb3 28.Qc2 d4 29.Ba1 dxe3
30.fxe3 Rxe3 31.Rd1 Qb8 32.Rb1 Rb3 33.Re1 Qb4 {#R} 0-1

[Event "It (open)"]
[Site "masterchessopen.com La Fere (France)"]
[Date "2007.07.11"]
[Round "6"]
[White "Delmont Jean-Robert (FRA)"]
[Black "Delias Gerard (FRA)"]
[Result "1-0"]
[WhiteElo "2007"]
[BlackElo "1633"]

1.d4 Nf6 2.c4 e6 3.Nc3 Bb4 4.e3 O-O 5.Ne2 b6 6.a3 Be7 7.e4 d6 8.Ng3 c5 9.d5
exd5 10.cxd5 Ne8 11.Bd3 Bh4 12.Qh5 Bxg3 13.hxg3 Nf6 14.Qh4 h6 15.Bxh6 Ng4
16.Qxd8 Rxd8 17.Bg5 Re8 18.Nb5 Ba6 19.Nxd6 Re5 20.Bxa6 Rxg5 21.Bb7 {#r} 1-0

[Event "It (open)"]
[Site "masterchessopen.com Tibor (Czech Republic)"]
[Date "2007.08.02"]
[Round "6"]
[White "Vybiral Zdenek (CZE)"]
[Black "Vavra Pavel (CZE)"]
[Result "1-0"]
[WhiteElo "2207"]
[BlackElo "2125"]

1.c4 Nf6 2.d4 e6 3.Nc3 Bb4 4.e3 O-O 5.Ne2 d5 6.a3 Be7 7.cxd5 exd5 8.g3 c6
9.Bg2 a5 10.h3 Nbd7 11.b3 Nb6 12.O-O Bd6 13.Bb2 Re8 14.Nf4 Bxf4 15.gxf4 Bf5
16.a4 Ne4 17.Ne2 Qh4 18.f3 Ng3 19.Nxg3 Qxg3 20.Qe1 Qg6 21.Kh2 Bc2 22.Qc3 Qd3
23.Rfe1 Nc8 24.Qxd3 Bxd3 25.e4 Nb6 26.Re3 Ba6 27.Rae1 f6 28.Bc3 Nd7 29.Bxa5
Nf8 30.f5 g6 31.fxg6 hxg6 32.exd5 Rxe3 33.Rxe3 cxd5 34.f4 {#r} 1-0

[Event "It (open)"]
[Site "masterchessopen.com Koszalin (Poland)"]
[Date "2007.08.06"]
[Round "2"]
[White "Ovsejevitsch Sergei (UKR)"]
[Black "Kanarek Marcel (POL)"]
[Result "1-0"]
[WhiteElo "2580"]
[BlackElo "2324"]

1.d4 Nf6 2.c4 e6 3.Nc3 Bb4 4.e3 O-O 5.Ne2 d5 6.cxd5 exd5 7.g3 c6 8.Bg2 Re8
9.O-O Bf8 10.Kh1 h5 11.f3 c5 12.dxc5 Bxc5 13.Nf4 Be6 14.Nxe6 Rxe6 15.e4 d4
16.Bg5 Nbd7 17.Nd5 Qa5 18.a3 Nxd5 19.exd5 Rg6 20.b4 Qb5 21.f4 Bb6 22.Be4 f5
23.a4 Qc4 24.Rc1 Qxf1+ 25.Qxf1 fxe4 26.Qb5 d3 27.Qxd7 d2 28.Rd1 e3 29.Qb5 a5
30.Kg2 {#r} 1-0

[Event "Ch Spain (team) (1 Div) (South)"]
[Site "masterchessopen.com Burguillos (Spain)"]
[Date "2007.08.22"]
[Round "1"]
[White "Mirzoev Azer (AZE)"]
[Black "Remoli Sargues Francisco (ESP)"]
[Result "1-0"]
[WhiteElo "2545"]
[BlackElo "2289"]

1.d4 Nf6 2.c4 e6 3.Nc3 Bb4 4.e3 O-O 5.Ne2 d5 6.a3 Be7 7.cxd5 exd5 8.g3 c6
9.Bg2 Bf5 10.h3 Re8 11.g4 Bg6 12.O-O Ne4 13.Nf4 Nxc3 14.bxc3 Nd7 15.Nxg6 hxg6
16.f3 Nb6 17.e4 Nc4 18.e5 g5 19.h4 gxh4 20.f4 f6 21.g5 fxg5 22.f5 Nxe5 23.dxe5
Bc5+ 24.Kh1 Rxe5 25.Qg4 Be7 26.c4 Bf6 27.Rb1 Qe7 28.cxd5 Re1 29.dxc6 bxc6
30.Bd2 Rxf1+ 31.Bxf1 Rd8 32.Ba5 Rc8 33.Bc4+ Kf8 34.Be6 Ra8 35.Qh5 {#r} 1-0

[Event "It (open)"]
[Site "masterchessopen.com Collado Villalba (Spain)"]
[Date "2007.08.25"]
[Round "3"]
[White "Mena Alberto (ESP)"]
[Black "Gallardo Garcia Andres (ESP)"]
[Result "0-1"]
[WhiteElo "2186"]
[BlackElo "2357"]

1.d4 Nf6 2.c4 e6 3.Nc3 Bb4 4.e3 O-O 5.Ne2 d5 6.a3 Be7 7.Nf4 c6 8.Be2 Nbd7
9.cxd5 exd5 10.O-O Bd6 11.b4 b5 12.Nd3 a5 13.bxa5 Qxa5 14.Na2 Qc7 15.g3 Nb6
16.Nab4 Bh3 17.Re1 Rfe8 18.Qc2 Nc4 19.Bf1 Bf5 20.Qb3 h5 21.Ra2 h4 22.Bg2 hxg3
23.hxg3 Be4 24.f4 Bxb4 25.Nxb4 Bxg2 26.Rxg2 Ng4 27.Qd3 Re4 28.Nc2 Qd6 29.Qf1
f5 30.Rge2 Re6 31.Kg2 Rh6 32.Qf3 Rh2+ 33.Kg1 Rh3 34.Rg2 Qh6 35.Kf1 Nh2+
36.Rxh2 Rxh2 {#R} 0-1

[Event "It (open)"]
[Site "masterchessopen.com Rewal (Poland)"]
[Date "2007.08.25"]
[Round "5"]
[White "Walach Marcin (POL)"]
[Black "Galazewski Tomasz (POL)"]
[Result "1-0"]
[WhiteElo "2390"]
[BlackElo "2289"]

1.d4 Nf6 2.c4 e6 3.Nc3 Bb4 4.e3 O-O 5.Ne2 d5 6.a3 Be7 7.Nf4 c6 8.Bd3 dxc4
9.Bxc4 e5 10.dxe5 Qxd1+ 11.Nxd1 Ng4 12.e6 f5 13.h4 b5 14.Ba2 Na6 15.Bd2 Nf6
16.Bc3 Ne4 17.Be5 b4 18.Rc1 Rd8 19.h5 bxa3 20.bxa3 Ng5 21.f3 Bb7 22.Nf2 Rac8
23.N2h3 Kf8 24.Rc3 Nc7 25.e4 fxe4 26.Nxg5 Bxg5 27.fxe4 Ke7 28.Bxc7 Rd4 29.O-O
Bf6 30.e5 {#r} 1-0

[Event "Ch NATO"]
[Site "masterchessopen.com Ankara (Turkey)"]
[Round "2"]
[White "Picart Laurent (FRA)"]
[Black "Pioch Zygmunt (POL)"]
[Result "0-1"]
[WhiteElo "2127"]
[BlackElo "2205"]

1.d4 Nf6 2.c4 e6 3.Nc3 Bb4 4.e3 O-O 5.Ne2 d5 6.a3 Be7 7.cxd5 exd5 8.g3 c6
9.Bg2 Bf5 10.O-O Nbd7 11.h3 Bd6 12.b4 Re8 13.Na4 Be4 14.f3 Bg6 15.Nc5 Qc7
16.g4 Re7 17.Nc3 h6 18.f4 Bxc5 19.dxc5 Be4 20.Nxe4 Nxe4 21.Bb2 Rae8 22.Qd4 f6
23.Rac1 Kh8 24.a4 Nf8 25.b5 Qd7 26.Ba3 Ng6 27.Rb1 Nh4 28.bxc6 bxc6 29.Rb3 f5
30.Qd1 Qe6 31.a5 Nxg2 32.Kxg2 d4 33.exd4 Nd2 {#R} 0-1

[Event "It (cat.3)"]
[Site "masterchessopen.com Rio de Janeiro (Brazil)"]
[Date "2007.09.13"]
[Round "9"]
[White "Miranda Marcio M C (BRA)"]
[Black "Lima Darcy (BRA)"]
[Result "0-1"]
[WhiteElo "2294"]
[BlackElo "2487"]

1.d4 Nf6 2.c4 e6 3.Nc3 Bb4 4.e3 O-O 5.Ne2 d5 6.a3 Be7 7.cxd5 exd5 8.g3 Nbd7
9.Bg2 Nb6 10.O-O Re8 11.Qc2 Bf8 12.Bd2 g6 13.Rad1 Bf5 14.Qb3 a5 15.f3 a4
16.Qa2 Bc2 17.Rc1 Bb3 18.Qb1 Nc4 19.Qd3 Nxb2 20.Qb1 Nc4 21.Qd3 Bxa3 22.Rce1
Bf8 23.e4 dxe4 24.fxe4 Nxd2 25.Qxd2 c5 26.d5 Ng4 27.Qf4 Ne5 {#R} 0-1

[Event "Memorial E.Geller (open)"]
[Site "masterchessopen.com Odessa (Ukraine)"]
[Date "2007.09.14"]
[Round "7"]
[White "Ipatov Alexander (ESP)"]
[Black "Bernadskiy Vitaliy (UKR)"]
[Result "0-1"]
[WhiteElo "2265"]
[BlackElo "2233"]

1.d4 Nf6 2.c4 e6 3.Nc3 Bb4 4.e3 O-O 5.Ne2 d5 6.a3 Be7 7.cxd5 exd5 8.g3 c6
9.Bg2 a5 10.O-O Na6 11.f3 b5 12.g4 b4 13.Na4 Nd7 14.Ng3 Nb6 15.Nxb6 Qxb6
16.Kh1 bxa3 17.bxa3 Rb8 18.e4 Qb3 19.Qe1 Bd6 20.e5 Bc7 21.Nh5 Qd3 22.Qh4 Qxd4
23.Nxg7 Bxe5 24.Nh5 Qxa1 25.f4 Bd4 26.f5 Rb1 27.Qg5+ Kh8 28.Re1 Qc3 29.Rf1 Re8
30.Qf4 Nc5 31.Bd2 Rxf1+ 32.Bxf1 Qa1 33.Kg2 Ne4 34.Be3 Bxe3 35.Qxe3 {#R} 0-1

[Event "Ch Bulgaria (team)"]
[Site "masterchessopen.com Sunny Beach (Bulgaria)"]
[Date "2007.10.04"]
[Round "6"]
[White "Petrov Ivan (BUL)"]
[Black "Iotov Valentin (BUL)"]
[Result "0-1"]
[WhiteElo "2181"]
[BlackElo "2509"]

1.d4 Nf6 2.c4 e6 3.Nc3 Bb4 4.e3 O-O 5.Ne2 d5 6.a3 Be7 7.cxd5 exd5 8.b4 c6
9.Ng3 Re8 10.Be2 Nbd7 11.O-O Nf8 12.b5 Ng6 13.a4 c5 14.Ba3 c4 15.Bxe7 Qxe7
16.Qd2 Bd7 17.Rae1 a6 18.bxa6 Rxa6 19.Bd1 Ne4 20.Ngxe4 dxe4 21.Bc2 f5 22.f3
exf3 23.g3 Qg5 24.Rxf3 h5 25.Qf2 Rd6 26.e4 Qg4 27.e5 Qxd4 28.exd6 Rxe1+ 29.Kg2
Qg4 {#R} 0-1

[Event "Cup Arctic (team) (juniors) (under 16)"]
[Site "masterchessopen.com Salekhard (Russia)"]
[Date "2007.10.14"]
[Round "7"]
[White "Rozum Ivan (RUS)"]
[Black "Korjakin Artem (RUS)"]
[Result "1-0"]
[WhiteElo "2411"]
[BlackElo "2196"]

1.d4 Nf6 2.c4 e6 3.Nc3 Bb4 4.e3 O-O 5.Ne2 c5 6.a3 Bxc3+ 7.Nxc3 cxd4 8.exd4 d5
9.c5 Re8 10.Be2 Nc6 11.O-O h6 12.Bf4 e5 13.dxe5 Nxe5 14.Re1 Ng6 15.Bd6 Ne4
16.Nb5 Nxd6 17.Nxd6 Re5 18.Bh5 Rxe1+ 19.Qxe1 Qg5 20.Qe8+ Kh7 21.Bxg6+ Qxg6
22.Qxf7 Qxf7 23.Nxf7 Bd7 24.Re1 Bc6 25.f3 Kg6 26.Nd6 Kf6 27.b4 d4 28.Kf2 Rd8
29.Rd1 {#r} 1-0

[Event "Memorial Vasylyshyn"]
[Site "masterchessopen.com Lvov (Ukraine)"]
[Date "2007.11.04"]
[Round "5"]
[White "Ipatov Alexander (ESP)"]
[Black "Grekh Andrey (UKR)"]
[Result "1-0"]
[WhiteElo "2265"]
[BlackElo "2384"]

1.d4 Nf6 2.c4 e6 3.Nc3 Bb4 4.e3 O-O 5.Ne2 d5 6.a3 Be7 7.cxd5 exd5 8.g3 c6
9.Bg2 Bf5 10.f3 c5 11.g4 Be6 12.O-O h6 13.h3 Nc6 14.f4 Re8 15.f5 Bc8 16.Nf4
cxd4 17.exd4 Qb6 18.Nfxd5 Nxd5 19.Nxd5 Qxd4+ 20.Qxd4 Nxd4 21.Re1 Nc2 22.Rxe7
Bxf5 23.gxf5 Nxa1 24.f6 Rac8 25.Bd2 Red8 26.Bc3 gxf6 27.Re1 Nc2 28.Re2 Nxa3
29.Ne7+ Kg7 30.Nxc8 Rxc8 31.Bxb7 {#r} 1-0

[Event "It (open)"]
[Site "masterchessopen.com Bad Wiessee (Germany)"]
[Date "2007.11.11"]
[Round "2"]
[White "Seidl Juergen (GER)"]
[Black "Halkias Stelios (GRE)"]
[Result "0-1"]
[WhiteElo "2196"]
[BlackElo "2590"]

1.d4 Nf6 2.c4 e6 3.Nc3 Bb4 4.e3 O-O 5.Ne2 d5 6.a3 Bd6 7.Ng3 b6 8.cxd5 exd5
9.Bd3 Re8 10.O-O Bb7 11.Nf5 Bf8 12.b4 a6 13.Rb1 Nbd7 14.f3 g6 15.Ng3 Bg7
16.Qe2 Nf8 17.Qf2 Ne6 18.Bd2 Qd7 19.Rb2 c5 20.bxc5 bxc5 21.Rfb1 Bc6 22.Rb6
cxd4 23.exd4 Ne4 24.Bxe4 Bxd4 25.Be3 Bxc3 26.Rc1 Be5 27.Rbxc6 dxe4 28.Nxe4 f5
29.f4 Nxf4 30.Rc7 Qd5 31.Ng5 Bxc7 32.Nxh7 Be5 {#R} 0-1

[Event "Cup Belgrade (open)"]
[Site "masterchessopen.com Obrenovac (Yugoslavia)"]
[Date "2007.11.25"]
[Round "4"]
[White "Jacimovic Dragoljub (MKD)"]
[Black "Soskic Bozidar (SRB)"]
[Result "1-0"]
[WhiteElo "2412"]
[BlackElo "2195"]

1.d4 Nf6 2.c4 e6 3.Nc3 Bb4 4.e3 O-O 5.Ne2 b6 6.a3 Bxc3+ 7.Nxc3 Bb7 8.d5 Re8
9.Be2 exd5 10.cxd5 d6 11.O-O Ba6 12.Bxa6 Nxa6 13.f3 Nc5 14.b4 Ncd7 15.e4 a5
16.Rb1 axb4 17.axb4 Nf8 18.Qc2 Qe7 19.Nb5 Rec8 20.Nd4 Ne8 21.Nf5 Qd7 22.Bb2 f6
23.Rfc1 Kf7 24.Nd4 Ra2 25.Qc4 Raa8 26.Qb5 Ra4 27.Qc4 Raa8 28.Nb5 Ra4 29.Bd4
Raa8 30.Ra1 {#r} 1-0

[Event "Ch Greece"]
[Site "masterchessopen.com Igoumenitsa (Greece)"]
[Date "2007.12.07"]
[Round "7"]
[White "Banikas Hristos (GRE)"]
[Black "Georgiadis Ioannis (GRE)"]
[Result "1-0"]
[WhiteElo "2591"]
[BlackElo "2377"]

1.c4 e6 2.d4 Nf6 3.Nc3 Bb4 4.e3 O-O 5.Ne2 d5 6.a3 Be7 7.Nf4 c6 8.Bd3 Nbd7
9.cxd5 exd5 10.g4 Nb6 11.h3 Bd6 12.Qf3 Qe7 13.O-O Re8 14.Qg2 Ne4 15.Nce2 c5
16.dxc5 Nxc5 17.Bc2 Bd7 18.b4 Ne6 19.Bd3 Be5 20.Rb1 Nxf4 21.exf4 Bd6 22.f5
Rac8 23.g5 Qd8 24.b5 Rxe2 25.Bxe2 Bxf5 26.Ra1 Be5 27.Ra2 Bb1 28.Rd2 Bc3 29.Bg4
Rc4 30.Re1 Bg6 31.Rxd5 Nxd5 32.Qxd5 Rxg4+ 33.hxg4 Qc8 34.Qc4 {#r} 1-0